| 000 | 00439nam a2200169Ia 4500 | ||
|---|---|---|---|
| 008 | 151213s9999 xx 000 0 und d | ||
| 020 | _a701106565 | ||
| 100 | _aWilliam Empson | ||
| 245 |
_aThe Structure of Complex Worlds _cWilliam Empson |
||
| 250 | _a1st | ||
| 260 |
_aLondon _bChatto & Windus _c1951 |
||
| 300 | _a4482 p. | ||
| 650 | _aEnglish Literature | ||
| 650 | _aEnglish Literature | ||
| 700 | _aWilliam Empson | ||
| 999 |
_c2857 _d2857 |
||